• 首页
  • 本馆介绍
  • 公告通知
  • 最新文献
  • 馆藏检索
  • 电子资源
  • 读者导购
  • 参考咨询
  • 我的图书馆
  • 登录
  • 详细信息显示
  • 放入我的书架
  • 预约/预借图书
  • 作者相关作品
  • 分类相关作品
  • 丛书相关作品
  • 出版社相关作品

书目信息

  • 表格格式
  • 工作单格式
  • 卡片格式
题名:
天然药物的生物转化
    
 
作者: 卢艳花 主编
分册:  
出版信息: 北京   化学工业出版社  2006
页数:
开本: 26cm
丛书名:
单 册:
中图分类: R977
科图分类:
主题词: 药物 , 药物--汇编
电子资源:
ISBN: 7-5025-8285-1
000 00544nam0 2200193 450
001 0754114953
005 20070929150154.95
010    @a7-5025-8285-1
100    @a20070929d km y0chiy0120 ea
101 0  @achi
200 1  @a天然药物的生物转化@Atian ran yao wu de sheng wu zhuan hua@f卢艳花 主编@Flu yan hua zhu bian
210    @a北京@c化学工业出版社@d2006
215    @c插图@d26cm
606 0  @a药物
606 0  @a药物@x汇编
690    @aR977@v3
701  0 @a卢艳花@Alu yan hua@4主编
801  0 @aCN@bPFT@c20070929
905    @a213230@dR977@eh46@f1
    
    天然药物的生物转化/卢艳花 主编.-北京:化学工业出版社,2006
    插图;26cm
    
    
    ISBN 7-5025-8285-1:
    
●
相关链接 在E读中查询图书 在五车中查询图书 在当当中查询图书 在豆瓣中查询图书


正题名:天然药物的生物转化     索取号:R977/h46         预约/预借

序号 登录号 条形码 馆藏地/架位号 状态 备注
1 6002401   260024011   密集书库-化学系/ [索取号:R977/h46] 在馆    
2 6002402   260024020   密集书库-化学系/ [索取号:R977/h46] 在馆    
唐山师范学院图书馆 欢迎您!
大连网信软件有限公司© 版权所有